| 000 | 00923nam a2200265Ia 4500 | ||
|---|---|---|---|
| 003 | OSt | ||
| 005 | 20220923211158.0 | ||
| 006 | a|||||r|||| 00| 0 | ||
| 007 | ta | ||
| 008 | 220922b |||||||| |||| 00| 0 hin d | ||
| 020 |
_a8188122394 (hbk) _c80 |
||
| 024 | _a234,107 | ||
| 037 |
_b429, 03/03/2008, University Book House _cTextual |
||
| 040 |
_aARTS _cARTS _bhin |
||
| 041 |
_2hin _ahin |
||
| 082 | _aO152,3N35,SR, M2;P4 | ||
| 100 |
_aजोशी, हिमांशु _9159207 |
||
| 245 | 0 | _aसु राज | |
| 246 | _aSu rāja | ||
| 260 |
_aनई दिल्ली _b भारतीय प्रकाशन संस्थान _c2004 |
||
| 300 |
_a120पृ. _ccm. |
||
| 650 |
_aहिन्दी साहित्य _9156264 |
||
| 942 |
_hO152,3N35,SR, M2;P4 _cTEXL _2CC |
||
| 999 |
_c296404 _d296404 |
||